Statistics for Opštine Republike Srpske

Click here to take the quiz!

General Stats

  • This quiz has been taken 111 times
  • The average score is 35 of 64

Answer Stats

HintAnswer% Correct
BBanja Luka
100%
BBijeljina
94%
IIstočno Sarajevo
89%
TTrebinje
89%
FFoča
85%
ZZvornik
85%
PPrijedor
83%
DDoboj
80%
PPale
78%
VVišegrad
74%
BBileća
69%
DDerventa
68%
MMrkonjić Grad
68%
GGacko
66%
NNovi Grad
66%
PPrnjavor
66%
ŠŠamac
66%
MModriča
65%
NNevesinje
65%
RRogatica
65%
BBratunac
63%
ČČajniče
63%
LJLjubinje
63%
SSrebrenica
63%
TTeslić
63%
LLaktaši
62%
VVlasenica
62%
BBrod
60%
GGradiška
60%
SSokolac
60%
ŠŠipovo
57%
SSrbac
57%
UUgljevik
57%
HHan Pijesak
54%
KKalinovik
51%
ČČelinac
49%
RRudo
49%
IIstočna Ilidža
48%
IIstočni Mostar
48%
KKotor Varoš
48%
IIstočni Drvar
46%
KKneževo
46%
LLopare
46%
KKostajnica
45%
KKozarska Dubica
45%
MMilići
45%
OOštra Luka
43%
RRibnik
42%
KKrupa na Uni
40%
BBerkovići
38%
IIstočno Novo Sarajevo
38%
JJezero
37%
PPelagićevo
37%
KKupres
34%
TTrnovo
34%
VVukosavlje
34%
IIstočni Stari Grad
32%
NNovo Goražde
32%
OOsmaci
32%
PPetrovo
32%
PPetrovac
31%
DDonji Žabar
29%
SStanari
23%
ŠŠekovoći
8%

Score Distribution

Percentile by Number Answered

Percent of People with Each Score

Your Score History

You have not taken this quiz